| 000 | 02361cam a2200445 i 4500 | ||
|---|---|---|---|
| 999 |
_c2218 _d2218 |
||
| 001 | 19311240 | ||
| 003 | GZU | ||
| 005 | 20201028101735.0 | ||
| 008 | 160930s2015 sa b 000 0 eng | ||
| 010 | _a 2016468219 | ||
| 020 | _a9781920601522 | ||
| 020 |
_z9781920601539 _q(d-PDF) |
||
| 020 |
_z9781920601546 _q(ePUB) |
||
| 020 |
_z9781920601553 _q(mobi file) |
||
| 035 | _a(OCoLC)ocn921929100 | ||
| 040 |
_aOI@ _beng _cOI@ _erda _dOI@ _dYDXCP _dWAU _dZ@L _dOCLCF _dOCL _dDLC |
||
| 042 | _alccopycat | ||
| 043 | _af-sa--- | ||
| 050 | 0 | 0 |
_aHV6569.S7 _bG69 2015 |
| 100 | 1 |
_aGqola, Pumla Dineo, _eauthor. |
|
| 245 | 1 | 0 |
_aRape : _ba South African nightmare / _cPumla Dineo Gqola. |
| 264 | 1 |
_aAuckland Park, South Africa : _bMF Books Joburg, _c2015. |
|
| 300 |
_ax, 192 pages ; _c24 cm |
||
| 336 |
_atext _2rdacontent |
||
| 337 |
_aunmediated _2rdamedia |
||
| 338 |
_avolume _2rdacarrier |
||
| 504 | _aIncludes bibliographical references (pages 180-192). | ||
| 505 | 0 | _aA recurring nightmare -- What's race got to do with rape? --Ruling violence -- The female fear factory -- Making sense of responses to the Jacob Zuma rape trial -- Forked tongue on child rape -- Rape myths -- Violent masculinities and war talk. | |
| 520 | _a"South Africa has a complex relationship with rape. Pumla Dineo Gqola unpacks this relationship by paying attention to patterns and trends of rape, asking what we can learn from famous cases and why South Africa is losing the battle against rape. Gqola looks at the 2006 rape trial of Jacob Zuma and what transpired in the trial itself, as well as trying to make sense of public responses to it. She interrogates feminist responses to the Anene Booysen case, amongst other high profile cases of gender-based violence. " -- Publisher's description: http://www.jacana.co.za/book-categories/current-affairs-a-history/rape-a-south-african-nightmare-detail | ||
| 600 | 1 | 0 |
_aZuma, Jacob _xTrials, litigation, etc. |
| 650 | 0 |
_aRape _zSouth Africa. |
|
| 650 | 0 |
_aRape _zSouth Africa _vCase studies. |
|
| 650 | 0 |
_aTrials (Rape) _zSouth Africa. |
|
| 650 | 0 |
_aWomen _xCrimes against _zSouth Africa. |
|
| 650 | 0 |
_aSex crimes _zSouth Africa. |
|
| 650 | 0 |
_aMasculinity _zSouth Africa. |
|
| 906 |
_a7 _bcbc _ccopycat _d3 _encip _f20 _gy-gencatlg |
||
| 942 |
_2lcc _cBK _h6569 _iGQO _kHV _m2015 |
||